Отвъд волята (Запис номер 169097)
[ съкратено ]
| 000 -Лидер | |
|---|---|
| Контролно поле с фиксирана дължина | 02081nam a2200421 a 4500 |
| 003 - Код на организацията, давaща контролен номер | |
| Контролно поле | BLK |
| 005 - Дата и час на последна редакция | |
| Контролно поле | 20250616115042.0 |
| 008 - Елементи от данни с фиксирана дължина | |
| fixed length control field | 180411b bul|||||r ||||||| ||bul|| |
| 020 ## - Международен стандартен номер на книга ISBN | |
| Международен стандартен номер на книга ISBN | 9789542614654 |
| 040 ## - Източник на каталожния запис | |
| Идентификатор на билиотеката - собственик на записа | BLK |
| 041 ## - Код за език | |
| Код за езика на текст/звукозапис или на отделно заглавие | Български |
| Код за езика КДБФ | Български |
| 080 ## - УДК | |
| Текстов определител УДК | Развитие на личността. Самосъзнание |
| УДК код - определител по УДК | 159.923.2 |
| УДК определител | (035) |
| УДК - код + определител | 159.923.2(035) |
| 080 ## - УДК | |
| Текстов определител УДК | Развитие на психиката и способностите. Сравнителна психология |
| УДК код - определител по УДК | 159.92 |
| УДК определител | (035) |
| УДК - код + определител | 159.92(035) |
| 080 ## - УДК | |
| Текстов определител УДК | Воля. Желание. Свобода на волята. Избор. Решение. Възпитаване на волята. Детерминация. Самодисциплина. Намерения. Подбуди. Желания |
| УДК код - определител по УДК | 159.947 |
| УДК определител | (035) |
| УДК - код + определител | 159.947(035) |
| 100 1# - Редна дума - Автор | |
| Автор | Лойд, Алекс |
| Авторска отговорност | първи автор |
| R(LIN) | 324286 |
| 139 ## - Редно поле | |
| Редна дума | Лойд, Алекс |
| Авторски знак | Лои - Л 80 |
| 245 10 - Сведения за заглавието | |
| Заглавие | Отвъд волята |
| Подзаглавни данни | Тайният принцип за постигане на успех, любов и щастие |
| Редно поле (дума) | Алекс Лойд; прев. Евелина Огнянова Андонова. |
| 257 ## - Страна на издаване | |
| Страна на създаване/издаване | Съединени американски щати |
| 260 ## - Област на издателските данни | |
| Име на издателя, разпространителя и проч. | Хермес |
| Година на издаване | 2015 |
| Печатница | София : Алианс принт |
| 300 ## - Физическа характеристика | |
| Страници | 303 с. |
| Размери/Мащаб | 20 см |
| 380 ## - Жанр | |
| Жанр | Философия |
| 500 ## - Общи забележки | |
| Забележка | Ориг. загл. Beyond Willpower / Alexander Loyd. - За автора. |
| 650 #4 - Допълнително описание по предмет – тема | |
| Основно описание – тема или топоним | Психохигиена - наръчници и ръководства |
| 9 (RLIN) | 168433 |
| 650 #4 - Допълнително описание по предмет – тема | |
| Основно описание – тема или топоним | Личност - психология - наръчници и ръководства |
| 9 (RLIN) | 249973 |
| 650 #4 - Допълнително описание по предмет – тема | |
| Основно описание – тема или топоним | Воля |
| 9 (RLIN) | 151246 |
| 653 ## - Ключова дума – ненормативна | |
| Ключова дума | психохигиена |
| 653 ## - Ключова дума – ненормативна | |
| Ключова дума | психология на личността |
| 653 ## - Ключова дума – ненормативна | |
| Ключова дума | воля |
| 659 ## - Тематичен бюлетин | |
| Тематичен бюлетин | Н |
| 700 ## - Други автори (авторска отговорност) | |
| Лично име | Андонова, Евелина Огнянова |
| 9 (RLIN) | 303278 |
| 852 ## - Местоположение | |
| Форматна сигнатура | Цб 274885 |
| 856 4# - Електронен адрес и достъп | |
| Електронен формат | pdf - файл |
| 856 4# - Електронен адрес и достъп | |
| Електронен формат | pdf - файл |
| 942 ## - АРТИКУЛИ | |
| Вид на библиотечния материал | Книги |
| Скрит в OPAC | Не |
| Koha issues (borrowed), all copies | 22 |
| 944 ## - СЪЗДАВАНЕ И РЕДАКЦИЯ на ЗАПИСА | |
| Създаване/Редакция | Създаване |
| Дата на регистрацията/редакция | 24.06.2015 |
| Статус, дата на статуса | Цветомила Тодорова |
| Служител, извършил регистрацията/редакцията | 30576 |
| 944 ## - СЪЗДАВАНЕ И РЕДАКЦИЯ на ЗАПИСА | |
| Създаване/Редакция | Редакция |
| Дата на регистрацията/редакция | 15.01.2016 |
| Статус, дата на статуса | ф / |
| Служител, извършил регистрацията/редакцията | Пенка_Димитрова |
| 999 ## - СИСТЕМНИ КОНТРОЛНИ НОМЕРА | |
| Koha biblionumber | 169097 |
| Koha biblioitemnumber | 169097 |
| 999 ## - СИСТЕМНИ КОНТРОЛНИ НОМЕРА | |
| Koha biblioitemnumber | 169097 |
| Код за отписване | Код за изгубен артикул | Източник на класификационната схема | Код за повреда | Коз за рестрикции | Код за отдаване | Артикулен № | Име на библиотеката - собственик | Име на библиотеката, в която се намира в момента | Статус (Текущо местоположение) | Дата на вписване в системата | Местоположение - отдел | Цена в лева | Инвентарен номер | Систематично азбучна сигнатура | Баркод | Номер на екземпляра | Цена в евро | Служебна бележка | Служебен тип на артикула |
|---|---|---|---|---|---|---|---|---|---|---|---|---|---|---|---|---|---|---|---|
| Не е изгубен | Universal Decimal Classification | Не е повреден | без рестрикции | заемане за дома | 285902 | Регионална библиотека "Любен Каравелов" Русе | Регионална библиотека "Любен Каравелов" Русе | Заемна - подръчен фонд | 2015-06-25 | Заемна - подръчен фонд | 10.46 | 120000789057 | П 159.923.2/Л 80 | 120000789057 | 1 | 5.35 | Дост: Pk Вид: Ф N: 515 Дата: 19.06.2015 Дата инв: 01.02.2018 Бележки инв: П2018 | Книги | |
| Не е изгубен | Universal Decimal Classification | Не е повреден | без рестрикции | заемане за дома | 285903 | Регионална библиотека "Любен Каравелов" Русе | Регионална библиотека "Любен Каравелов" Русе | Количка | 2015-11-27 | Заемна - подръчен фонд | 8.36 | 120000795105 | 159.923.2/Л 80 | 120000795105 | 2 | 4.27 | Дост: Pk Вид: Ф N: 569 Дата: 26.11.2015 Дата инв: 01.02.2018 Бележки инв: П2018 | Книги | |
| Не е изгубен | Universal Decimal Classification | Не е повреден | без рестрикции | заемане за дома | 285904 | Регионална библиотека "Любен Каравелов" Русе | Регионална библиотека "Любен Каравелов" Русе | Заемна - подръчен фонд | 2015-11-27 | Заемна - подръчен фонд | 8.36 | 120000795106 | 159.923.2/Л 80 | 120000795106 | 3 | 4.27 | Дост: Pk Вид: Ф N: 569 Дата: 26.11.2015 Дата инв: 01.02.2018 Бележки инв: П2018 | Книги | |
| Не е изгубен | Не е повреден | без рестрикции | ползва се в читалня | 285905 | Регионална библиотека "Любен Каравелов" Русе | Регионална библиотека "Любен Каравелов" Русе | Хранилище | 2016-01-15 | Хранилище | 13.95 | 120000796660 | Цб 274885 | 120000796660 | 4 | 7.13 | Дост: Dp Вид: Д N: 49 Дата: 17.11.2015 | Книги |